|
|
|
|
| LEADER |
00000nab a2200000 a 4500 |
| 001 |
vtls010721367 |
| 003 |
SK-MaSNL |
| 005 |
20260304190035.0 |
| 008 |
250709s2004 xo |||||||||||||||||slo| |
| 035 |
|
|
|a (urnnbn)urn:nbn:sk:snk:ar-a04rv7
|
| 035 |
|
|
|a (uuid)5e0ed554-b4d7-489a-8c3a-528713ac8163
|
| 035 |
|
|
|a urn:nbn:sk:snk-ab3m86
|
| 040 |
|
|
|a SNKBUCL
|b slo
|c SNKBUCL
|e AACR2
|
| 041 |
0 |
|
|a slo
|
| 044 |
|
|
|a xo
|c SK
|
| 100 |
1 |
|
|a Greifová, Mária,
|d 1961-
|4 aut
|9 41830
|
| 245 |
1 |
0 |
|a POZNÁMKY K MIKROBIOLOGICKEJ KVALITE MASLA A TAVENÝCH SYROV
|c M. Greifová
|
| 773 |
0 |
|
|t Mliekarstvo : bulletin pre internú potrebu výrobcov a spracovateľov mlieka
|g Roč. 35, č. 4 (2004), s. 33-35
|
| 850 |
|
|
|a Slovenská národná knižnica
|
| 852 |
|
|
|a Slovenská národná knižnica
|
| 954 |
|
|
|a odborná, vedecká literatúra pôvodná (slovenská)
|2 lita
|
| 958 |
|
|
|a article1
|
| 958 |
|
|
|a OND
|
| 958 |
|
|
|a EUIPO
|
| 999 |
|
|
|c 3048024
|d 3049954
|